Единна програма за обучение и тренировка по джудо (Запис номер 130495)
[ съкратено ]
| 000 -Лидер | |
|---|---|
| Контролно поле с фиксирана дължина | 01251nam a2200313 c 4500 |
| 003 - Код на организацията, давaща контролен номер | |
| Контролно поле | BLK |
| 005 - Дата и час на последна редакция | |
| Контролно поле | 20221206095543.0 |
| 008 - Елементи от данни с фиксирана дължина | |
| fixed length control field | 180409b bul|||||r ||||||| ||bul|| |
| 010 ## - Наследен системен номер | |
| LC control number | KNG00136260000 |
| 040 ## - Източник на каталожния запис | |
| Идентификатор на билиотеката - собственик на записа | BLK |
| 041 ## - Код за език | |
| Код за езика на текст/звукозапис или на отделно заглавие | Български |
| Код за езика КДБФ | Български |
| 080 ## - УДК | |
| Текстов определител УДК | Източни бойни изкуства - Джиу-джиц, джудо, кит. борба, айкидо, самбо, карате, сумо и др. |
| УДК код - определител по УДК | 796.85 |
| УДК определител | .015 |
| УДК - код + определител | 796.85.015 |
| 100 1# - Редна дума - Автор | |
| Автор | Богданов, Петър Христов |
| Авторска отговорност | първи автор |
| R(LIN) | 286582 |
| 139 ## - Редно поле | |
| Редна дума | Богданов, Петър Христов |
| Авторски знак | Бог - Б 54 |
| 245 10 - Сведения за заглавието | |
| Заглавие | Единна програма за обучение и тренировка по джудо |
| Редно поле (дума) | Петър Христов Богданов. |
| 257 ## - Страна на издаване | |
| Страна на създаване/издаване | България |
| 260 ## - Област на издателските данни | |
| Място на издаване, разпространение и проч. | София |
| Име на издателя, разпространителя и проч. | Центр. съвет на БСФКС |
| Година на издаване | 1980 |
| 300 ## - Физическа характеристика | |
| Страници | 144 с. |
| Размери/Мащаб | 21 см |
| 380 ## - Жанр | |
| Жанр | 793/799 Спорт |
| 650 #4 - Допълнително описание по предмет – тема | |
| Основно описание – тема или топоним | Джудо |
| 9 (RLIN) | 153313 |
| 653 ## - Ключова дума – ненормативна | |
| Ключова дума | джудо |
| 653 ## - Ключова дума – ненормативна | |
| Ключова дума | тренировки |
| 653 ## - Ключова дума – ненормативна | |
| Ключова дума | спортна борба |
| 852 ## - Местоположение | |
| Форматна сигнатура | Цб 104193 |
| 856 4# - Електронен адрес и достъп | |
| Електронен формат | pdf - файл |
| Инструкция (цена за достъп) | 0.00 |
| Права за достъп | disable |
| 856 4# - Електронен адрес и достъп | |
| Електронен формат | pdf - файл |
| Инструкция (цена за достъп) | 0.00 |
| Права за достъп | disable |
| 999 ## - СИСТЕМНИ КОНТРОЛНИ НОМЕРА | |
| Koha biblionumber | 130495 |
| Koha biblioitemnumber | 130495 |
| 942 ## - АРТИКУЛИ | |
| Вид на библиотечния материал | Книги |
| Скрит в OPAC | Не |
| Периодичен библиозапис | Да |
| 944 ## - СЪЗДАВАНЕ И РЕДАКЦИЯ на ЗАПИСА | |
| Създаване/Редакция | Създаване |
| Дата на регистрацията/редакция | 15.11.2012 |
| Статус, дата на статуса | 15.11.2012 - от С1,Р / 15.11.2012 |
| Служител, извършил регистрацията/редакцията | Диана_Димитрова |
| 944 ## - СЪЗДАВАНЕ И РЕДАКЦИЯ на ЗАПИСА | |
| Създаване/Редакция | Редакция |
| Дата на регистрацията/редакция | 15.11.2012 |
| Статус, дата на статуса | 15.11.2012 - от С1,Р / 15.11.2012 |
| 944 ## - СЪЗДАВАНЕ И РЕДАКЦИЯ на ЗАПИСА | |
| Създаване/Редакция | Редакция |
| Дата на регистрацията/редакция | 2022-12-06 |
| Служител, извършил регистрацията/редакцията | Христина Везирева |
| 999 ## - СИСТЕМНИ КОНТРОЛНИ НОМЕРА | |
| Koha biblioitemnumber | 130495 |
| Код за отписване | Код за изгубен артикул | Източник на класификационната схема | Код за повреда | Коз за рестрикции | Код за отдаване | Артикулен № | Име на библиотеката - собственик | Име на библиотеката, в която се намира в момента | Статус (Текущо местоположение) | Дата на вписване в системата | Местоположение - отдел | Цена в лева | Инвентарен номер | Систематично азбучна сигнатура | Баркод | Номер на екземпляра | Цена в евро | Служебна бележка | Служебен тип на артикула |
|---|---|---|---|---|---|---|---|---|---|---|---|---|---|---|---|---|---|---|---|
| Не е изгубен | Universal Decimal Classification | Не е повреден | без рестрикции | ползва се в читалня | 212187 | Регионална библиотека "Любен Каравелов" Русе | Регионална библиотека "Любен Каравелов" Русе | Хранилище | 1980-01-01 | Хранилище | 0.60 | 305188 | Цб 104193 | 120000305188 | 1 | 0.31 | Дост: Dp Вид: Д N: стар фонд Дата: 01.01.1980 | Книги |